Régions ayant le plus voté pour Les Écologistes / EELV (2022) - Statistiques

Statistiques générales
  • Ce quiz a été pris 28 fois
  • Le résultat moyen est 9 sur 17
Statistiques - réponses
Score Région % Correct
6,19% Bretagne
95%
5,40% Île-de-France
67%
5,31% Auvergne Rhône-Alpes
62%
6,01% Pays de la Loire
62%
4,44% Nouvelle-Aquitaine
57%
4,20% Occitanie
57%
4,06% Provence-Alpes-Côte-d'Azur
57%
4,02% Bourgogne Franche-Comté
48%
3,25% Corse
48%
3,13% Hauts-de-France
48%
4,11% Normandie
48%
4,04% Centre-Val-de-Loire
43%
4,01% Grand Est
43%
1,43% Guadeloupe
43%
2,62% Guyane
38%
2,31% La Réunion
33%
1,61% Martinique
33%
Aucun quiz correspondant
Distribution des résultats
% des personnes avec chaque résultat
Percentile par nombre de réponses
Votre historique - résultats
Vous n’avez pas pris ce quiz